书目信息 |
| 题名: |
大竹岚啊大竹岚
|
|
| 作者: | 陈佐洱 著 | |
| 分册: | ||
| 出版信息: | 北京 中国少年儿童出版社 1985 |
|
| 页数: | 132页 | |
| 开本: | 19cm | |
| 丛书名: | ||
| 单 册: | ||
| 中图分类: | I287.6 | |
| 科图分类: | ||
| 主题词: | 儿童文学-散文--中国--现代 , 散文-儿童文学--中国--现代 | |
| 电子资源: | ||
| ISBN: | ||
| 000 | 00686nam0 2200253 45 | |
| 001 | 0185006020 | |
| 005 | 20040409084332.1 | |
| 010 | @dCNY0.58 | |
| 091 | @aR10056.602 | |
| 100 | @a19901124d1985 am y0chiy0121 ea | |
| 101 | 0 | @achi |
| 102 | @aCN@b110000 | |
| 105 | @ay z 000cy | |
| 106 | @ar | |
| 200 | 10 | @a大竹岚啊大竹岚@Ada zhu lan a da zhu lan@f陈佐洱著 |
| 210 | @a北京@c中国少年儿童出版社@d1985 | |
| 215 | @a132页@d19cm | |
| 606 | @a儿童文学-散文@y中国@z现代 | |
| 606 | @a散文-儿童文学@y中国@z现代 | |
| 690 | @aI287.6@v3 | |
| 701 | 0 | @a陈佐洱@Achen zuo er@4著 |
| 801 | 0 | @aCN@b深圳图书馆@c20040409 |
| 801 | 2 | @aCN@bNLC@c20040409 |
| 905 | @f4@b151330-333@dI287.6@e144 | |
| 大竹岚啊大竹岚/陈佐洱著.-北京:中国少年儿童出版社,1985 |
| 132页;19cm |
| ISBN :CNY0.58 |
| ● |
| 相关链接 |
|
|
|
|
正题名:大竹岚啊大竹岚
索取号:I287.6/144
 
预约/预借
| 序号 | 登录号 | 条形码 | 馆藏地/架位号 | 状态 | 备注 |
| 1 | 0151330 | 000894349 | 第二借阅区/ [索取号:I287.6/144] | 在馆 | |
| 2 | 0151331 | 000894358 | 密集书库/ [索取号:I287.6/144] | 在馆 | |
| 3 | 0151332 | 000894401 | 密集书库/ [索取号:I287.6/144] | 在馆 | |
| 4 | 0151333 | 000894394 | 密集书库/ [索取号:I287.6/144] | 在馆 | |
| 5 | 0151334 | 000894330 | 第一样本阅览室/ [索取号:I287.6/144] | 在馆 |